| 000 | 01006nas a2200301 4500 | ||
|---|---|---|---|
| 001 | BR0900837 | ||
| 003 | BR-BrBNA | ||
| 005 | 20231205113115.0 | ||
| 007 | ta | ||
| 008 | 230509b bl.|||p| |||| 00| 00por d | ||
| 040 |
_aBR-BrBNA _bpor _cBiblioteca Nacional de Agricultura |
||
| 041 | _a(Pt) | ||
| 072 | _aH10; P10 | ||
| 100 | 1 | _aGaspar, S.M.F.S. | |
| 100 | 1 | _aNunes, G.S. | |
| 100 | 1 | _aPinheiro, C.U.B. | |
| 100 | 1 | _aAmarante Júnior, O.P. do | |
| 245 | 1 | _aAvaliação de risco de pesticidas aplicados no Município de Arari, Maranhão, Brasil: Base para Programa de Controle Ambiental do Rio Mearim | |
| 650 | _aPESTICIDAS | ||
| 650 | _aRESÍDUO | ||
| 650 | _aRIO MEARIM | ||
| 650 | _aMUNICÍPIO DE ARARI | ||
| 650 | _aMARANHÃO | ||
| 650 | _aPROGRAMA DE CONTROLE AMBIENTAL | ||
| 773 | 0 |
_tPesticidas - Revista de Ecotoxicologia e Meio Ambiente (Brazil) _xISSN 0103-7277 _g(Jan-Dec 2005), v. 15 p. 43-54 _wBR0900837 |
|
| 909 |
_a202311 _bLúcia _c55 _dLúcia Elande |
||
| 942 |
_2AGRIS _n0 _cANA |
||
| 999 |
_c201882 _d201882 |
||